000 00877cam a2200289 a 4500
001 1461777
003 OSt
005 20160809121010.0
008 860812s1987 njua b 001 0 eng
010 _a 86021274
020 _a0131795082
040 _aDLC
_cDLC
_dDLC
050 0 0 _aHF5686.C8
_bH59 1987
082 0 0 _a658.1/511
_219
100 1 _aHorngren, Charles T.,
_d1926-
245 1 0 _aCost accounting :
_ba managerial emphasis /
_cCharles T. Horngren, George Foster.
250 _a6th ed.
260 _aEnglewood Cliffs, N.J. :
_bPrentice-Hall,
_cc1987.
300 _axxiii, 980 p. :
_bcol. ill. ;
_c25 cm.
500 _aIncludes indexes.
504 _aBibliography: p. [940]-941.
650 0 _aCost accounting.
650 0 _aCosts, Industrial.
700 1 _aFoster, George,
_d1948-
906 _a7
_bcbc
_corignew
_d1
_eocip
_f19
_gy-gencatlg
942 _2lcc
_cBOOKS
999 _c13000
_d13000